JoBlo's Top 25 Hotties of 2015 - Statistics

General Stats
  • This quiz has been taken 3 times
  • The average score is 5 of 25
Answer Stats
# Name % Correct
5 Jennifer Lawrence
100%
1 Alexandra Daddario
50%
23 Demi Lovato
50%
17 Gigi Hadid
50%
19 Jessica Chastain
50%
14 Kelly Brook
50%
8 Margot Robbie
50%
2 Selena Gomez
50%
10 Alicia Vikander
0%
13 Alison Brie
0%
25 Arianny Celeste
0%
7 Ashley Benson
0%
3 Charlotte McKinney
0%
21 Eiza Gonzalez
0%
11 Emilia Clarke
0%
16 Emmy Rossum
0%
15 Hayley Atwell
0%
9 Hilary Duff
0%
6 Katharine McPhee
0%
22 Katy Perry
0%
20 Maika Monroe
0%
24 Meagan Good
0%
12 Melissa Benoist
0%
18 Nathalie Emmanuel
0%
4 Salma Hayek
0%
No matching quizzes found
Score Distribution
Percent of People with Each Score
Percentile by Number Answered
Your Score History
You have not taken this quiz